Galactik Football: Les capitaines - Statistiques

Statistiques générales
  • Ce quiz a été pris 54 fois
  • Le résultat moyen est 9 sur 18
Statistiques - réponses
Equipe Capitaine % Correct
Snow Kids D'Jok
96%
Team Paradisia D'Jok
96%
Snow Kids Rocket
93%
Snow Kids Tia
74%
Equipe d'Akillian Aarch
65%
Lightnings Warren
65%
All Stars Warren
65%
Paradisia All Stars Rouge Warren
65%
Xenons Luur
52%
Paradisia All Stars Jaune Luur
52%
Shadows Sinedd
52%
Team Paradisia Nikki 4
30%
Pirates Stevens
28%
Rykers Kernor
24%
Wambas Woowamboo
20%
Shadows Fulmugus
7%
Cyclopes Akkamukk
0%
Elektras Zyria
0%
Aucun quiz correspondant
Distribution des résultats
% des personnes avec chaque résultat
Percentile par nombre de réponses
Votre historique - résultats
Vous n’avez pas pris ce quiz